| 000 | 01695 a2200445 4500 | ||
|---|---|---|---|
| 999 |
_c69244 _d19032 |
||
| 001 | 69244 | ||
| 003 | TR-AnTOB | ||
| 005 | 20260317095909.0 | ||
| 008 | 021003s2002 tu ah b 001 0 tur d | ||
| 020 | _a975192944X | ||
| 035 | _a(OCoLC)ocm50726097 | ||
| 040 |
_aB9K _cB9K _dOCLCQ _dOSU |
||
| 041 | 0 | _atur | |
| 043 |
_aa-tu--- _ae-bu--- |
||
| 050 |
_aDR73.T8 _bB45 2002 |
||
| 090 |
_aDR73.T8 _bB45 2002 |
||
| 245 | 0 |
_aBelgelerle Mustafa Kemal Atatürk ve Türk-Bulgar ilişkileri (1913-1938) = _bMustafa Kemal Atatëiìurk i Tursko-Bulgarskite otnosheniëiìa v dokumenti (1913-1938) / _c[proje yöneticisi Yusuf Sarınay]. |
|
| 246 | 1 | 1 | _aMustafa Kemal Atatëiìurk i Tursko-Bulgarskite otnosheniëiìa v dokumenti (1913-1938) |
| 264 | 1 |
_aAnkara : _bT.C. Başbakanlık, _c2002. |
|
| 300 |
_alxxvii, 957 p. : _bill., facsims. ; _c33 cm. 1 |
||
| 336 |
_2rdacontent _atext _btxt |
||
| 337 |
_2rdamedia _aunmediated _bn |
||
| 338 |
_2rdacarrier _avolume _bnc |
||
| 490 | 0 |
_aDevlet Arşivleri Genel Müdürlüğü ; _v16 |
|
| 504 | _aIncludes bibliographical references and indexes. | ||
| 546 | _aTurkish and Bulgarian. | ||
| 600 | 0 |
_aAtatürk, Mustafa Kemal _d1881-1938 _920781 |
|
| 651 | 0 |
_aTurkey _xForeign relations _zBulgaria _915368 |
|
| 651 | 0 | 0 |
_aBulgaria _xForeign relations _zTurkey _972415 |
| 651 | 0 | 0 |
_aBulgaristan _xDış ilişkiler _zTürkiye _98364 |
| 651 | 0 |
_aTürkiye _xDış ilişkiler _zBulgaristan _968475 |
|
| 700 | 1 |
_aSarınay, Yusuf _917257 |
|
| 902 | _a0023771 | ||
| 903 | _aMerkezi Kütüphane | ||
| 942 |
_cBK _2lcc |
||
| 945 | _aMç | ||